000 00450nam a2200169 a 4500
001 3578
005 20140414132033.0
008 040601s19uu xx 00 eng d
050 _aTR
_bP37 1987
245 _aPenelope's perfect purple.
260 _aU.S.A :
_bWorld Book,
_c1987.
300 _a1 v. (unp.) : ill. ; cm.
440 _aEarly world of learning
650 _aMixing colors--Fiction.
650 _aChildren stories.
999 _c113659
_d113659